| 000 | 00681nam a22001697a 4500 | ||
|---|---|---|---|
| 008 | 240423t2021 xxk|||||o|||| 00| 0 eng d | ||
| 041 | _aeng | ||
| 110 | _aRoyal Institution of Chartered Surveyors | ||
| 245 |
_aFellowship applicant guide _h[Electronic resource] |
||
| 260 |
_aLondon, _bRoyal Institution of Chartered Surveyors, _cFebruary 2021 |
||
| 500 | _aGuide for members on how to progress from MRICS to FRICS. | ||
| 651 | _aInternational | ||
| 690 |
_aRICS _96277 |
||
| 710 | _aRoyal Institution of Chartered Surveyors | ||
| 856 |
_uhttps://www.rics.org/content/dam/ricsglobal/documents/join-rics/Fellowship-applicant-guide.pdf _zAvailable free on RICS.org |
||
| 942 | _n0 | ||
| 999 |
_c121916 _d121916 |
||